| 000 | 00575nam a22001817a 4500 | ||
|---|---|---|---|
| 003 | BD-DhUL | ||
| 005 | 20180813104708.0 | ||
| 008 | 180813s2003 le ||||| |||| 00| 0 ara d | ||
| 040 |
_aBD-DhUL _cBD-DhUL |
||
| 082 |
_a492.75 _bIBA |
||
| 100 | 1 | _aابن قتیبۃ، ابو محمد عبداللہ | |
| 245 | 1 |
_aأدب الکاتب / _cأبو محمد عبد اﷲ بن مسلم ابن قتیبۃ |
|
| 250 | _aط۔ ۱ | ||
| 260 |
_aبيروت : _bدار الفکر، _c۲۰۰۳۔ |
||
| 300 |
_aص۔ ۳۶۰ ؛ _c۲۳ سم۔ |
||
| 650 | 4 | _aIslamic Scets | |
| 942 |
_2ddc _cBK |
||
| 999 |
_c243125 _d243125 |
||